| 000 | 00576nam a22001937a 4500 | ||
|---|---|---|---|
| 005 | 20160712103146.0 | ||
| 010 | _aENG-115381 | ||
| 020 |
_a9789380574738 _c1395.00 |
||
| 020 |
_a9380574738 _c1395.00 |
||
| 035 | _aEN-98913 | ||
| 037 | _bDBAD/PUB | ||
| 082 | _a362.19820954 | ||
| 245 |
_aMaternal and child in health : _bpolicies and challenges / _cSuresh Sharma |
||
| 260 |
_aDelhi _bBookwell _c2015 |
||
| 270 |
_a3/79,Nirankari Colony _bDelhi _e110009 |
||
| 300 |
_axx,338p. _c25cm(Hb) |
||
| 700 | _aSharma,Suresh | ||
| 942 |
_2ddc _cEN _h362.19820954 _mMAT |
||
| 999 |
_c101177 _d101177 |
||